Bank security /

Bibliographic Details
Main Author: Anderson, R. E., 1922-
Format: Book
Language:English
Published: Boston : Butterworth, [1981]
Subjects:

MARC

Tag First Indicator Second Indicator Subfields
LEADER 00000cam a22000008a 4500
001 in00000072641
005 20151008054556.0
008 810513s1981 mauak b 00110 eng
010 |a  81007744  
020 |a 0409950386 
035 |a (OCoLC)07552692 
035 |9 AAJ1058AM 
039 0 |a 2  |b 3  |c 3  |d 3  |e 3 
040 |a DLC  |c DLC  |d TXA  |d UtOrBLW 
049 |a TXAM  |c [1672456] 
050 0 0 |a HG1616.S37  |b A62 
082 0 |a 332.1/068  |2 19 
100 1 |a Anderson, R. E.,  |d 1922- 
245 1 0 |a Bank security /  |c R.E. Anderson. 
263 |a 8110 
264 1 |a Boston :  |b Butterworth,  |c [1981] 
264 4 |c ©1981 
300 |a xvi, 399 pages :  |b illustrations, forms ;  |c 24 cm. 
336 |a text  |b txt  |2 rdacontent 
337 |a unmediated  |b n  |2 rdamedia 
338 |a volume  |b nc  |2 rdacarrier 
500 |a Includes index. 
504 |a Bibliography: pages [387]-388. 
650 0 |a Banks and banking  |x Security measures. 
999 |a MARS 
999 f f |s a5b9ebaa-1e9d-3b06-83c0-a8966eb62393  |i 6431cab3-71c2-3842-9557-317399718631  |t 0 
952 f f |p ric  |a Texas A&M University  |b Rellis Campus  |c Joint Library Facility  |d Remote Storage  |t 0  |e HG1616.S37 A62  |h Library of Congress classification  |i unmediated -- volume  |m A14806137137 
998 f f |a HG1616.S37 A62  |t 0  |l Remote Storage